000 00457nam a2200181 a 4500
001 1758096253891
003 ACL
005 20250917133613.0
008 250917s2008##################000#0#eng##
020 _a9780007267088
082 0 4 _a791.5973
_bMOR
100 1 _aMorrison, Bill,
_eauthor.
245 1 0 _aThe Book of Moe :
260 _bHarperTorch,
_c2008.
650 0 _aAmerican wit and humor, Pictorial.
942 _cENGLISH
040 _aACL
_beng
_cACL
999 _c587656
_d587656